Les personnages des Rougon-Macquart, pour servir a la lecture et a l'étude de l'oeuvre de Emile Zola. (Record no. 128316)

MARC details
000 -LEADER
campo de control de longitud fija 00461nam a2200145 i 4500
001 - NÚMERO DE CONTROL
campo de control 128316
003 - IDENTIFICADOR DE NÚMERO DE CONTROL
campo de control ES-MaACL
005 - FECHA Y HORA DE LA ÚLTIMA TRANSACCIÓN
campo de control 20230906193230.0
007 - CAMPO FIJO DE DESCRIPCIÓN FÍSICA--INFORMACIÓN GENERAL
campo de control de longitud fija t|
008 - DATOS DE LONGITUD FIJA--INFORMACIÓN GENERAL
campo de control de longitud fija 070629s1923 fr ||||1| fre d
245 04 - MENCIÓN DEL TÍTULO
Título Les personnages des Rougon-Macquart, pour servir a la lecture et a l'étude de l'oeuvre de Emile Zola.
260 ## - PUBLICACIÓN, DISTRIBUCIÓN, ETC.
Lugar de publicación, distribución, etc. Paris :
Nombre del editor, distribuidor, etc. [s.n.],
Fecha de publicación, distribución, etc. 1923 (
Fabricante Impr. A. Davy & Fils Aine)
300 ## - DESCRIPCIÓN FÍSICA
Extensión 478 p. ;
Dimensiones 19 cm.
852 ## - LOCALIZACIÓN
Ubicación ES-MaACL
Número de control de estantería A-4681
Sublocalización o colección R.16618
Holdings
Estatus retirado Estado de pérdida Estado de daño No para préstamo Biblioteca de origen Biblioteca actual Ubicación en estantería Fecha de adquisición Fuente de adquisición Total de préstamos Signatura topográfica completa Código de barras Visto por última vez Precio de reemplazo Tipo de ítem Koha
        Biblioteca del Ateneo de Madrid Biblioteca del Ateneo de Madrid Sala Pecera Planta 1 17/01/2008     A-4681 1133643 23/02/2023 23/02/2023 Libro impreso